| 000 | 00430nam a2200193Ia 4500 | ||
|---|---|---|---|
| 999 |
_c37811 _d37811 |
||
| 003 | 0100 | ||
| 005 | 20190110113315.0 | ||
| 008 | 130303s9999 xx 000 0 und d | ||
| 040 | _cARRUPELIB | ||
| 050 | _aGN475.8.C75 1967 | ||
| 100 |
_aCrawford, J. R _943955 |
||
| 245 |
_aWitchcraft and sorcery in Rhodesia _cJ.R. Crawford |
||
| 260 |
_aLondon _bOxford University Press _c1967 |
||
| 300 |
_axi, 312p. ; _c23cm. |
||
| 650 |
_aWitchcraft _zRhodesia _943956 |
||
| 700 |
_aJ. R. Crawford _943957 |
||
| 942 | 0 | 0 |
_02 _2lcc _cMONOGRAPH |